000 00460nam a22001697a 4500
005 20251108175957.0
008 250721s2024 xx 000 0 ara d
082 1 4 _a158.1/مجد
100 1 _aأبو المجد، صلاح
245 1 0 _aالأخطاء /
264 1 _aالقاهرة :
_bعصير الكتب،
_c2024.
300 _a263ص.
650 1 7 _aعلم النفس التطبيقي
650 1 7 _aالنجاح
942 _2ddc
_cBK
999 _c146875
_d146875